000 00551nam a2200193Ia 4500
005 20250508151141.0
008 008 250505s9999 xx 000 0 eng d
037 _aTextual
040 _aFEDL
_beng
_cFEDL
041 _aeng
_2eng
084 _a150.195, LOE
_qFEDL
100 _aLoewenstein Rudolph M Ed.
_9758544
245 0 _aDrives, affects, behavior
260 _aNew York, USA
_bInternational Universities Press
_c1953
300 _a399p
650 _aPsychology
942 _cTEXL
_h150.195, LOE
999 _c1327903
_d1327903